[Event "RUS Cup tt"]
[Site "Sochi"]
[Date "2024.12.02"]
[Round "6.22"]
[White "Ermakov, Maksim"]
[Black "Kapitonov, Nikolai"]
[Result "1-0"]
[WhiteElo "2204"]
[BlackElo "2003"]
[PlyCount "96"]
[EventDate "2024.11.27"]
[EventType "team-swiss"]
[EventRounds "7"]
[EventCountry "RUS"]
[SourceTitle "CB50_2024"]
[SourceDate "2024.11.01"]
[SourceVersion "1"]
[SourceVersionDate "2024.11.01"]
[SourceQuality "2"]
[WhiteTeam "Vserossiyskoe obschestvo slepykh"]
[BlackTeam "Qkutiya III"]
[WhiteTeamCountry "RUS"]
[BlackTeamCountry "RUS"]

1. Nf3 Nf6 2. b3 c5 3. Bb2 Nc6 4. e3 e6 5. c4 Be7 6. Be2 0-0 7. 0-0 d5 8. cxd5 exd5 9. d4 Bf5 10. Nc3 Rc8 11. Rc1 cxd4 12. Nxd4 Bg6 13. Bd3 Ne4 14. Nxe4 dxe4 15. Nxc6 Rxc6 16. Rxc6 bxc6 17. Bc4 Qxd1 18. Rxd1 Rd8 19. Rxd8+ Bxd8 20. Ba3 Bf5 21. Kf1 Bc7 22. h3 h5 23. Ke2 g6 24. Bc5 Bb6 25. Be7 Kg7 26. Kd2 Bd7 27. Kc3 f5 28. Bg5 Be8 29. b4 Bc7 30. a4 Bf7 31. h4 Kf8 32. Bf4 Bxf4 33. exf4 Bxc4 34. Kxc4 Ke7 35. Kc5 Kd7 36. b5 cxb5 37. Kxb5 Kc7 38. Ka6 Kb8 39. a5 Ka8 40. Kb5 Kb7 41. a6+ Kc7 42. Kc5 Kd7 43. Kd5 Kc7 44. Ke6 Kb6 45. Kf6 Kxa6 46. Kxg6 Kb5 47. Kxf5 a5 48. Kxe4 Kc4 1-0

[Event "RUS-chT Blitz"]
[Site "Sochi"]
[Date "2023.10.17"]
[Round "1.17"]
[White "Ermakov, Maksim"]
[Black "Ponkratov, Pavel"]
[Result "1-0"]
[WhiteElo "2174"]
[BlackElo "2595"]
[PlyCount "100"]
[EventDate "2023.10.17"]
[EventType "team-swiss (blitz)"]
[EventRounds "13"]
[EventCountry "RUS"]
[SourceTitle "CBM 216 Extra"]
[Source "ChessBase"]
[SourceDate "2023.11.30"]
[SourceVersion "1"]
[SourceVersionDate "2023.11.30"]
[SourceQuality "1"]
[WhiteTeam "Krasnodarsk Region TEMA"]
[BlackTeam "Moscow MGFSO"]
[WhiteTeamCountry "RUS"]
[BlackTeamCountry "RUS"]

1. d4 Nf6 2. c4 e6 3. Nf3 d5 4. Nc3 c6 5. e3 Nbd7 6. Bd3 dxc4 7. Bxc4 b5 8. Bd3 Bb7 9. 0-0 Bd6 10. e4 e5 11. Bg5 h6 12. Bh4 Qb6 13. dxe5 Nxe5 14. Nxe5 Bxe5 15. Kh1 0-0-0 16. Qe2 g5 17. Bg3 Rhe8 18. a4 b4 19. Nd1 a5 20. Rc1 Bxg3 21. fxg3 c5 22. Nf2 Kb8 23. Rfe1 Rd4 24. Bb5 Re5 25. Qf3 Qe6 26. Rf1 Nxe4 27. Nxe4 Rdxe4 28. Qd3 Rd4 29. Qc2 Qd5 30. Rf2 f5 31. b3 Qd6 32. Rcf1 Be4 33. Qc1 Red5 34. Bc4 Rd1 35. Qb2 Rxf1+ 36. Bxf1 Qe5 37. Qe2 Rd3 38. g4 f4 39. h4 Qd4 40. hxg5 hxg5 41. Qe1 Rd1 42. Qe2 Rb1 43. Qb5+ Kc8 44. Qa6+ Kd7 45. Qa7+ Ke6 46. Qb6+ Qd6 47. Qb5 Bd3 48. Qe8+ Kf6 49. Qh8+ Ke7 50. Qg7+ Kd8 1-0

[Event "Cheliabinsk Lozovatsky Memorial-A"]
[Site "Cheliabinsk"]
[Date "2023.02.05"]
[Round "10"]
[White "Alpin, Maxim"]
[Black "Ermakov, Maksim"]
[Result "1/2-1/2"]
[WhiteElo "2106"]
[BlackElo "2167"]
[PlyCount "96"]
[EventDate "2023.01.27"]
[EventType "swiss"]
[EventRounds "10"]
[EventCountry "RUS"]
[SourceTitle "CBM 212 Extra"]
[Source "ChessBase"]
[SourceDate "2023.03.31"]
[SourceVersion "1"]
[SourceVersionDate "2023.03.31"]
[SourceQuality "1"]

1. d4 Nf6 2. c4 e6 3. g3 Bb4+ 4. Bd2 a5 5. Bg2 0-0 6. a3 Bxd2+ 7. Nxd2 d6 8. Ngf3 Nbd7 9. 0-0 Qe7 10. Qc2 e5 11. e3 Re8 12. b4 axb4 13. axb4 Rxa1 14. Rxa1 exd4 15. Nxd4 Ng4 16. N2b3 Ndf6 17. b5 Nd7 18. h3 Nge5 19. Ra7 Nc5 20. Nxc5 dxc5 21. Ne2 Qd6 22. Nf4 Rd8 23. Ra8 g6 24. g4 Kg7 25. Qc3 f6 26. Nd5 c6 27. bxc6 bxc6 28. Nf4 Kf7 29. Qa5 Qd1+ 30. Kh2 Qd6 31. Kg1 Ke7 32. Qb6 Nxc4 33. Qxc6 Qxc6 34. Bxc6 Kd6 35. Be4 Nb6 36. Ra1 c4 37. Rd1+ Kc7 38. Rxd8 Kxd8 39. Kf1 Ke7 40. Ke2 Kd6 41. Kd2 f5 42. gxf5 Bxf5 43. Bxf5 gxf5 44. Kc3 Kc5 45. f3 Na4+ 46. Kc2 Kd6 47. Ne2 Ke5 48. h4 Kd5 1/2-1/2

[Event "Cheliabinsk Lozovatsky Memorial-A"]
[Site "Cheliabinsk"]
[Date "2023.02.01"]
[Round "6"]
[White "Zverev, Lev"]
[Black "Ermakov, Maksim"]
[Result "1-0"]
[WhiteElo "2310"]
[BlackElo "2167"]
[PlyCount "103"]
[EventDate "2023.01.27"]
[EventType "swiss"]
[EventRounds "10"]
[EventCountry "RUS"]
[SourceTitle "CBM 212 Extra"]
[Source "ChessBase"]
[SourceDate "2023.03.31"]
[SourceVersion "1"]
[SourceVersionDate "2023.03.31"]
[SourceQuality "1"]

1. e4 c5 2. Nf3 e6 3. d4 cxd4 4. Nxd4 Nf6 5. Nc3 d6 6. g4 h6 7. Rg1 Nc6 8. Be3 a6 9. h4 h5 10. gxh5 Nxh5 11. Be2 g6 12. Qd2 Nxd4 13. Bxd4 Bh6 14. Be3 Bxe3 15. Qxe3 Qxh4 16. Qd4 e5 17. Qxd6 Qe7 18. Qxe7+ Kxe7 19. Nd5+ Kf8 20. 0-0-0 Nf4 21. Nxf4 exf4 22. Bg4 Ke7 23. Bxc8 Raxc8 24. Rg4 Rc4 25. Rxf4 Rhc8 26. Rd2 g5 27. Rg4 f6 28. b3 R4c5 29. Rg1 Ke6 30. Rg3 b5 31. a3 R8c6 32. Rf3 Ke5 33. Re2 Rc3 34. Rf5+ Ke6 35. Kb2 R3c5 36. Rf3 g4 37. Rg3 Rg5 38. f3 Ke5 39. fxg4 Kf4 40. Rg1 Re6 41. Rf1+ Kxg4 42. Ref2 Rxe4 43. Rxf6 a5 44. Rg1+ Kh5 45. Rxg5+ Kxg5 46. Ra6 a4 47. Ra5 axb3 48. Rxb5+ Kf6 49. cxb3 Ke6 50. Rc5 Kd6 51. Rc2 Kd5 52. a4 1-0

[Event "RUS-ch Rapid"]
[Site "Sochi"]
[Date "2022.10.15"]
[Round "1"]
[White "Tsydypov, Zhamsaran"]
[Black "Ermakov, Maksim"]
[Result "1-0"]
[WhiteElo "2534"]
[BlackElo "2167"]
[PlyCount "121"]
[EventDate "2022.10.15"]
[EventType "swiss (rapid)"]
[EventRounds "11"]
[EventCountry "RUS"]
[SourceTitle "CBM 210 Extra"]
[Source "ChessBase"]
[SourceDate "2022.11.30"]
[SourceVersion "1"]
[SourceVersionDate "2022.11.30"]
[SourceQuality "1"]

1. c4 e6 2. b3 d5 3. Bb2 Nf6 4. Nf3 Be7 5. g3 b6 6. Bg2 Bb7 7. cxd5 Bxd5 8. Nc3 Bb7 9. d4 0-0 10. 0-0 Nbd7 11. Qc2 c5 12. Rad1 cxd4 13. Rxd4 Rc8 14. Rfd1 Qc7 15. Qb1 a6 16. Ng5 Rfd8 17. Nge4 Nf8 18. Nxf6+ Bxf6 19. Rxd8 Rxd8 20. Rxd8 Bxd8 21. Bxb7 Qxb7 22. Qd3 Bf6 23. Ba3 Bxc3 24. Qxc3 Nd7 25. Bb2 f6 26. Qc4 Kf7 27. Qd3 h5 28. Ba3 b5 29. Qd6 Ne5 30. Qf8+ Kg6 31. Qe8+ Qf7 32. Qa8 Qd7 33. Qe4+ Kf7 34. Bb2 Nc6 35. Qf3 Qd1+ 36. Kg2 Qd5 37. e4 Qc5 38. e5 Qd5 39. exf6 gxf6 40. Qxd5 exd5 41. Kf3 Ne5+ 42. Ke3 Nc6 43. f3 Kg6 44. Bc3 Kf5 45. h3 Kg5 46. Bd2 Kf5 47. Bc1 Kg5 48. f4+ Kf5 49. Bb2 Nb4 50. Kd4 Ke6 51. a3 Nc2+ 52. Kd3 Ne1+ 53. Ke2 Ng2 54. Kf2 Nxf4 55. gxf4 Kf5 56. Ke3 a5 57. Bc3 a4 58. b4 h4 59. Bd2 Ke6 60. Kd4 Kd6 61. f5 1-0

[Event "Tuapse op"]
[Site "Tuapse"]
[Date "2022.06.22"]
[Round "6"]
[White "Tekeyev, Zaur"]
[Black "Ermakov, Maksim"]
[Result "1-0"]
[WhiteElo "2409"]
[BlackElo "2152"]
[PlyCount "59"]
[EventDate "2022.06.17"]
[EventType "swiss"]
[EventRounds "9"]
[EventCountry "RUS"]
[SourceTitle "CBM 209 Extra"]
[Source "ChessBase"]
[SourceDate "2022.09.30"]
[SourceVersion "1"]
[SourceVersionDate "2022.09.30"]
[SourceQuality "1"]

1. e4 c5 2. Nf3 e6 3. d4 cxd4 4. Nxd4 a6 5. Bd3 Nc6 6. Nxc6 bxc6 7. 0-0 e5 8. f4 d6 9. Qf3 Nf6 10. Na3 Be7 11. Nc4 Be6 12. Kh1 exf4 13. Bxf4 0-0 14. e5 dxe5 15. Nxe5 Qb6 16. Nxc6 Bc5 17. Ne5 Qxb2 18. Rae1 Qxa2 19. Bg5 Qd5 20. Qg3 Ng4 21. Be4 Qd6 22. Bf4 f5 23. Bxa8 g5 24. Nxg4 gxf4 25. Nh6+ Kh8 26. Qc3+ Bd4 27. Rxe6 Bxc3 28. Rxd6 Rxa8 29. Nxf5 a5 30. Rfd1 1-0

[Event "IBCA Wch Blind and Visually imp U22"]
[Site "Solec Zdroj"]
[Date "2018.08.17"]
[Round "4.4"]
[White "Staskeviciute, Darija"]
[Black "Ermakov, Maksim"]
[Result "0-1"]
[WhiteElo "1479"]
[BlackElo "1583"]
[PlyCount "82"]
[EventDate "2018.08.14"]
[EventType "swiss"]
[EventRounds "9"]
[EventCountry "POL"]
[SourceTitle "EXT 2024"]
[Source "ChessBase"]
[SourceDate "2023.10.10"]
[SourceVersion "1"]
[SourceVersionDate "2023.10.10"]
[SourceQuality "1"]

1. d4 d5 2. Nf3 e6 3. c4 Nf6 4. Nc3 Be7 5. e3 c6 6. Qc2 dxc4 7. Bxc4 b5 8. Bd3 Bb7 9. 0-0 a6 10. Ne4 Nbd7 11. a3 a5 12. Bd2 Nd5 13. Nc5 Nxc5 14. dxc5 Qc7 15. b4 Bf6 16. Rab1 axb4 17. axb4 e5 18. Rfd1 g6 19. Be1 0-0 20. Nd2 Rad8 21. Ne4 Be7 22. Nc3 Bc8 23. Qb3 Be6 24. Qb2 Rd7 25. Be4 Rfd8 26. Bf3 Bf8 27. Ra1 Bg7 28. g3 h6 29. Rab1 f5 30. e4 Nf6 31. Qc2 Rd4 32. Bd2 fxe4 33. Bxe4 Nxe4 34. Nxe4 Bf5 35. f3 Bxe4 36. fxe4 Qd7 37. Rb2 Rd3 38. Qc1 Qd4+ 39. Kf1 Qxe4 40. Be1 Qf3+ 41. Kg1 e4 0-1

[Event "Wch U10 blitz"]
[Site "Minsk"]
[Date "2018.06.24"]
[Round "3"]
[White "Ermakov, Maksim"]
[Black "Samunenkov, Igor"]
[Result "0-1"]
[WhiteElo "1540"]
[BlackElo "1861"]
[PlyCount "100"]
[EventDate "2018.06.24"]
[EventType "swiss (blitz)"]
[EventRounds "9"]
[EventCountry "BLR"]
[SourceTitle "EXT 2019"]
[Source "ChessBase"]
[SourceDate "2018.10.10"]
[SourceVersion "1"]
[SourceVersionDate "2018.10.10"]
[SourceQuality "1"]

1. d4 f5 2. Nc3 Nf6 3. Nf3 g6 4. e3 Bg7 5. g3 d6 6. Bg2 0-0 7. 0-0 Qe8 8. b3 e5 9. Bb2 e4 10. Nd2 d5 11. Ne2 Be6 12. c4 Nbd7 13. Qc2 c6 14. Rfc1 g5 15. Qd1 Nh5 16. cxd5 Bxd5 17. Nc4 Qg6 18. Ba3 Rf6 19. Nc3 f4 20. Qc2 Re8 21. Nd2 Rfe6 22. Qd1 Ndf6 23. Bh3 g4 24. Bg2 fxe3 25. fxe3 Bh6 26. Qe2 Qg5 27. Re1 Ng7 28. Nf1 Nf5 29. Bc1 Bg7 30. Bb2 h5 31. Na4 b6 32. Qf2 h4 33. Qf4 Qxf4 34. gxf4 Bh6 35. Nd2 Kf7 36. Rac1 Bf8 37. a3 Bd6 38. b4 b5 39. Nc5 Bxc5 40. dxc5 Rg8 41. Nf1 Ree8 42. Kf2 Rg6 43. h3 gxh3 44. Bxh3 Ng3 45. Be5 Reg8 46. Nh2 Bc4 47. Bxf6 Kxf6 48. Rcd1 Bd3 49. Bf1 Nxf1 50. Nxf1 Rg2# 0-1